Kouzelné štěňátko. Vzhůru do oblak /
Příběh o kouzelném vlčkovi Hromovi, který se musí vydat do Druhého světa, aby se zachránil před zuřivým samotářským vlkem Šedounem.
Uloženo v:
| Série: | Kouzelné štěňátko,
část 3 |
|---|---|
| Hlavní autor: | |
| Další autoři: | , |
| Médium: | E-kniha |
| Jazyk: | Czech |
| Vydáno: |
V Praze :
Fragment,
2020
|
| Vydání: | 1. vydání |
| Témata: | |
| Příbuzné jednotky: | Z cyklu::
Kouzelné štěňátko |
| Tagy: |
Žádné tagy |
| LEADER | 02798nam a2200529 i 4500 | ||
|---|---|---|---|
| 001 | 311216 | ||
| 003 | CZ PrSKC | ||
| 005 | 20260601215701.0 | ||
| 007 | ta | ||
| 008 | 200806s2020 xr a b 000 j cze | ||
| 015 | |a cnb003241411 | ||
| 020 | |a 9788025347812 |q (vázáno) : |c Kč 169,00 | ||
| 035 | |a (OCoLC)1204254264 | ||
| 040 | |a ABG001 |b cze |d ABA001 |e rda | ||
| 041 | 1 | |a cze |h eng | |
| 072 | 7 | |a 821.111-3 |x Anglická próza, anglicky psaná |2 Konspekt | |
| 072 | 7 | |a 821-93 |x Literatura pro děti a mládež (beletrie) |2 Konspekt | |
| 080 | |a 821.111-32 |2 MRF | ||
| 080 | |a 821-93 |2 MRF | ||
| 080 | |a (0:82-32) |2 MRF | ||
| 100 | 1 | |a Bentley, Sue, |d 1951- |7 jo2008479178 |4 aut | |
| 240 | 1 | 0 | |a Cloud capers. |l Česky |
| 245 | 1 | 0 | |a Kouzelné štěňátko. |p Vzhůru do oblak / |c Sue Bentleyová ; ilustrovala Angela Swanová ; z anglického originálu Magic puppy - Cloud capers ... přeložila Kateřina Voborská |
| 246 | 3 | 0 | |a Vzhůru do oblak |
| 250 | |a 1. vydání | ||
| 264 | 1 | |a V Praze : |b Fragment, |c 2020 | |
| 300 | |a 117 stran : |b ilustrace ; |c 20 cm | ||
| 336 | |a text |b txt |2 rdacontent | ||
| 337 | |a bez média |b n |2 rdamedia | ||
| 338 | |a svazek |b nc |2 rdacarrier | ||
| 500 | |a Na hřbetu knihy označení: 8 | ||
| 520 | 2 | |a Příběh o kouzelném vlčkovi Hromovi, který se musí vydat do Druhého světa, aby se zachránil před zuřivým samotářským vlkem Šedounem. |b Mladý vlk Hrom je v nebezpečí. Zlý Šedoun, který chce převzít vedení smečky, je mu v patách, a tak mu nezbývá nic jiného než použít svou magii a ukrýt se ve světě lidí. Tam ho v podobě roztomilého štěněte najde Jessica. Ta tráví čas se svými rodiči na Festivalu balónů, kde ji to moc nebaví. Jakmile ale potká Hroma, nuda se změní v dobrodružství, na které nikdy nezapomene! Nakladatelská anotace. | |
| 521 | 8 | |a Pro děti od 5 let | |
| 655 | 7 | |a anglické příběhy |7 fd131813 |2 czenas | |
| 655 | 7 | |a publikace pro děti |7 fd133156 |2 czenas | |
| 655 | 9 | |a English stories |2 eczenas | |
| 655 | 9 | |a children's literature |2 eczenas | |
| 700 | 1 | |a Swan, Angela, |d 1982- |7 ola2018992819 |4 ill | |
| 700 | 1 | |a Voborská, Kateřina |7 pna20211113260 |4 trl | |
| 765 | 1 | |t Magic puppy | |
| 787 | 0 | 8 | |i Z cyklu: |t Kouzelné štěňátko |g 3 |
| 900 | |a ABA001 |b 20 | ||
| 928 | 9 | |a Albatros Media - Fragment | |
| 044 | |a xr | ||
| 910 | |a RBIT002 | ||
| 998 | |d 207668 |a https://core.palmknihy.cz/api/books/207668/cover?si6bko |b https://core.palmknihy.cz/api/books/207668/cover/400?si6bko |c https://core.palmknihy.cz/api/books/207668/cover/50?si6bko |e 2029-11-29 |g 120 |i 9788025347812 |j https://core.palmknihy.cz/api/books/207668/preview.epub |k https://core.palmknihy.cz/api/books/207668/preview.pdf |l |q 49 |r 1 |s https://www.palmknihy.cz/kniha/207668 |t ebook |y 2020 |z 0 |v Kouzelné štěňátko |w 3 | ||
| 999 | |d 311214 | ||